000 01335cam a22003737a 4500
003 CHAP
005 20220817041058.0
008 971013s1988 mx r 00010 spa d
010 _a5962
011 _a6934
035 _a6157
040 _cCHAP
082 0 4 _a581.634
_bP38
100 0 0 _aPaso y Troncoso, Francisco del.
_985864
245 1 3 _aLa botánica entre los nahuas y otros estudios
260 _aMéxico, D.F. :
_bConsejo Nacional de Fomento Educativo,
_c1988
300 _a287 p.
490 0 _aCien de México
500 _aTambién se clasif. en : 080/C54/v.1
590 _aBATCH-UPD
_b10
_c20130110
_lUCH01
_h0905
590 _aBATCH-UPD
_b10
_c20130410
_lUCH01
_h0532
590 _aBATCH-UPD
_b10
_c20130914
_lUCH01
_h0740
590 _aCONVERSION
_b10
_c20130109
_lUCH01
_h1304
650 1 4 _aBotánica médica.
_914680
650 1 4 _aIndios de México
_xMedicina.
_957633
650 1 4 _aNahuas.
830 0 _aCien de México
_923105
901 _aBK
942 _cLIBRO
949 _a581.634 P38
_bBC
_cLIBRO
_d33724000453676
_eLIBRO
_h82851
_i6157
_si
_t10.00
949 _a581.634 P38
_bBC
_cLIBRO
_d33724000453684
_eLIBRO
_fc.2
_h82852
_i6157
_si
_t10.00
949 _a581.634 P38
_bBC
_cLIBRO
_d33724000453692
_eLIBRO
_fc.3
_h82853
_i6157
_si
_t10.00
949 _a581.634 P38
_bBC
_cLIBRO
_d33724000453700
_eLIBRO
_fc.4
_h82854
_i6157
_si
_t10.00
999 _c5962
_d5962